| 000 | 00000nas##2200000za#4500 |
| 001 | 9.506881 |
| 003 | CaOODSP |
| 005 | 20241203113633 |
| 007 | cr ||||||||||| |
| 008 | 150406c1998||||xxc|| p o||||f| |0eng|d |
| 022 | |a1492-4773 |
| 040 | |aCaOODSP|beng |
| 043 | |an-cn--- |
| 086 | 1 |aEn81-15E-PDF |
| 110 | 1 |aCanada. |bEnvironment Canada. |
| 245 | 10|aNational Pollutant Release Inventory, about the NPRI |h[electronic resource] |
| 246 | 1 |aAbout the NPRI |
| 260 | |aHull - Quebec : |bEnvironment Canada |
| 310 | |aAnnual |
| 362 | 1 |a1998-- |
| 690 | 07|aPollutants|2gcpds |
| 775 | 08|tInventaire national des rejets de polluants - à propos de l'INRP |w(CaOODSP)9.503277 |